02389 am a2200493 a 450000500170000000800410001702000150005804100080007309200200008110000300010124500920013125000110022326000310023430000160026550001260028165301440040765300580055165300420060965300370065165300560068865300600074465300440080465301360084865300400098465300330102465300310105765300250108865300710111365300390118465300420122365300440126565300650130965300520137465300690142665300460149565300550154165300170159665300440161365301050165793000090176294200120177199900130178395200990179620231219131812.0100618s1994||||sp a f |||| 001 0 eng d a8475925731 aeng c616.69l51sMAR1 aMartínez-Mora, J.91202 aTextbook. Intersexual states.bDisorders of sex differentiation / cJ. Martínez-Mora. a1a ed. aBarcelona: bDoyma;c1994. a452 p.bil. aMartínez-Mora, J. (1994). Textbook. Intersexual states. Disorders of sex differentiation. (1st ed.). Barcelona : Doyma. aSex. General considerations, intersexual state, sex disorders, intersexuality in animals and man, transexualism, transvestim, homosexuality aCytogenetics of sex determination and differentiation aH- Y antigen in gonad differentiation aDevelopment of the genital tract aAnatomy of the genital tract of the male and female aAnatomic abnormalities of the male and female genitalia aHormonal control of sex differentiation aPathophysiology of sexual differentiation in males and females. Nomenclature and classification of sexual differentiation disorders aGeneral diagnosis in intersexuality aFemale pseudohermaphroditism aMale pseudohermaphroditism aTrue hermaphroditism aSex reversal in humans: the xx male syndrome and related disorders aAsymmetric gonadal differentiation aDysgenetic male pseudohermaphroditism aGonadal dysgenesis: karyotypes xx or xy aGonadal dysgenesis with Turner's syndrome in male and female aHeterogenous group of male sexual abnormalities aNeoplasms and disorders of sex differentiation: surgical aspects aGenetic counselling in intersexual states aPsychopathological disorders in intersexual states aGenitoplasty aSurgery of gonads in intersexual states aTable of normal values of steroids throughout life. Hormone preparation used. Doses and equivalences a1669 2ddccBK c385d385 00104070aBFMbBFMcCRd2011-05-13l0o616.69 51 MARp1669r2014-11-06tej.1w2011-05-13yBK